Linearization Models for Complex Dynamical Systems: Topics in Univalent Functions, Functional Equations and Semigroup Theory / / (Record no. 592471)
[ view plain ]
| 000 -LEADER | |
|---|---|
| fixed length control field | 00921nam a22001457a 4500 |
| 003 - CONTROL NUMBER IDENTIFIER | |
| control field | NUST |
| 005 - DATE AND TIME OF LATEST TRANSACTION | |
| control field | 20221124120541.0 |
| 008 - FIXED-LENGTH DATA ELEMENTS--GENERAL INFORMATION | |
| fixed length control field | 221124b ||||| |||| 00| 0 eng d |
| 082 ## - DEWEY DECIMAL CLASSIFICATION NUMBER | |
| Classification number | 519.4,ELI |
| 245 ## - TITLE STATEMENT | |
| Title | Linearization Models for Complex Dynamical Systems: Topics in Univalent Functions, Functional Equations and Semigroup Theory / / |
| Statement of responsibility, etc. | Mark Elin, David Shoikhet |
| 260 ## - PUBLICATION, DISTRIBUTION, ETC. | |
| Place of publication, distribution, etc. | Switzerland |
| Name of publisher, distributor, etc. | Springer Basal AG |
| Date of publication, distribution, etc. | 2010 |
| 300 ## - PHYSICAL DESCRIPTION | |
| Extent | xii, 264p. |
| 505 ## - FORMATTED CONTENTS NOTE | |
| Formatted contents note | Geometric Background (Page-1), Dynamic Approach (Page-17), Starlike Functions with respect to a boungary point (Page-39), Apirallike Functions with respect to a boundary point (Page-63), Koenigs type starlike and spirallike functions (Page-95), Rigidity of Holomorphic mappings and commuting semigroups (Page-121), Asymptotic Behavior of one parameter semigroups (Page-153), Backward flow invariant domains for semigroups (Page-195). |
| 942 ## - ADDED ENTRY ELEMENTS (KOHA) | |
| Source of classification or shelving scheme | |
| Koha item type | Book |
| Call number prefix | 519.4,ELI |
| Withdrawn status | Lost status | Source of classification or shelving scheme | Damaged status | Not for loan | Permanent Location | Current Location | Shelving location | Date acquired | Total Checkouts | Full call number | Barcode | Date last seen | Price effective from | Koha item type | Public note |
|---|---|---|---|---|---|---|---|---|---|---|---|---|---|---|---|
| Military College of Signals (MCS) | Military College of Signals (MCS) | General Stacks | 11/24/2022 | 519.4,ELI | MCS37884 | 11/24/2022 | 11/24/2022 | Book | Almirah No.14, Shelf No.4 |
